| 000 | 01080nam a22002177a 4500 | ||
|---|---|---|---|
| 999 |
_c57328 _d57328 |
||
| 003 | Ge_BSU | ||
| 005 | 20200521140944.0 | ||
| 008 | 200521s2018ge xxu||||| |||| 00| 0 geo d | ||
| 020 | _a9789941947971 | ||
| 041 | _ageo | ||
| 080 | _a342.9(479.22)(076.3) +37.091.212.3 კ-36 | ||
| 100 |
_aკახიანი, რევაზ. _98147 |
||
| 245 |
_a300 ტესტი ადმინისტრაციულ სამართალში : _b(თანდართული სწორი პასუხებით) / _c რევაზ კახიანი ; თამაზ თოდრაძე. |
||
| 264 |
_aთბილისი : _bბონა კაუზა, _c2018. |
||
| 300 |
_a136 გვ. ; _c 20 სმ. |
||
| 440 |
_aიურისტის ბიბლიოთეკა _9137 |
||
| 653 | _aსაქართველოს ადმინისტრაციული სამართალი -- ტესტები. | ||
| 653 | _aსამართალი | ||
| 700 |
_aთოდრაძე, თამაზ _98148 |
||
| 942 |
_2udc _cBK |
||